Denyutan hari esok (Record no. 47574)

MARC details
000 -LEADER
fixed length control field 00652nam a2200241 i 4500
001 - CONTROL NUMBER
control field C2-0154043
003 - CONTROL NUMBER IDENTIFIER
control field PPAK
005 - DATE AND TIME OF LATEST TRANSACTION
control field 20180727132040.0
008 - FIXED-LENGTH DATA ELEMENTS--GENERAL INFORMATION
fixed length control field 980330s1995 my a|||| ||||| | may d
020 ## - INTERNATIONAL STANDARD BOOK NUMBER
International Standard Book Number 9838995134
040 ## - CATALOGING SOURCE
Original cataloging agency PPAK
Language of cataloging eng
Transcribing agency PPAK
Description conventions rda
082 04 - DEWEY DECIMAL CLASSIFICATION NUMBER
Classification number 616.12
Edition number 23
090 00 - LOCALLY ASSIGNED LC-TYPE CALL NUMBER (OCLC); LOCAL CALL NUMBER (RLIN)
Classification number (OCLC) (R) ; Classification number, CALL (RLIN) (NR) 616.12
Feature heading WAN
Feature heading G
100 0# - MAIN ENTRY--PERSONAL NAME
Personal name Wan Azman Wan Ahmad,
Relator term author
245 10 - TITLE STATEMENT
Title Denyutan hari esok
264 #1 - PRODUCTION, PUBLICATION, DISTRIBUTION, MANUFACTURE, AND COPYRIGHT NOTICE
Place of production, publication, distribution, manufacture Kuala Lumpur :
Name of producer, publisher, distributor, manufacturer S. Abdul Majeed ,
Date of production, publication, distribution, manufacture, or copyright notice 1995
300 ## - PHYSICAL DESCRIPTION
Extent 158 pages :
Other physical details illustrations ;
Dimensions 19 cm
336 ## - CONTENT TYPE
Source rdacontent
Content type term text
337 ## - MEDIA TYPE
Source rdamedia
Media type term unmediated
338 ## - CARRIER TYPE
Source rdacarrier
Carrier type term volume
650 10 - SUBJECT ADDED ENTRY--TOPICAL TERM
Topical term or geographic name entry element Heart - Diseases
942 ## - ADDED ENTRY ELEMENTS (KOHA)
-- dc
Koha item type Book
Holdings
Withdrawn Not for loan Current library Shelving location Date acquired Total Checkouts Full call number Barcode Date last seen Date last checked out Koha item type
    Perpustakaan Alor Setar Pinjaman Dewasa 22/03/1998 1 616.12 WAN A00099869 07/03/2020 15/02/2020 Book
    Perpustakaan Awam Sungai Petani Pinjaman Dewasa 22/03/1998   616.12 WAN A00099870 08/05/2018   Book
    Perpustakaan Awam Sungai Petani Pinjaman Dewasa 22/03/1998   616.12 WAN A00099871 08/05/2018   Book
    Perpustakaan Jitra Pinjaman Dewasa 22/03/1998   616.12 WAN A00099872 08/05/2018   Book
    Perpustakaan Kulim Pinjaman Dewasa 22/03/1998   616.12 WAN A00099876 08/05/2018   Book
    Perpustakaan Kulim Pinjaman Dewasa 22/03/1998   616.12 WAN A00099877 08/05/2018   Book
    Perpustakaan Langkawi Pinjaman Dewasa 22/03/1998   616.12 WAN A00099875 08/05/2018   Book
    Bergerak 1, Alor Setar Pinjaman Dewasa 22/03/1998   616.12 WAN A00099880 08/05/2018   Book
    Bergerak 3, Baling Pinjaman Dewasa 22/03/1998   616.12 WAN A00099882 08/05/2018   Book
    Bergerak 5, Kulim Pinjaman Dewasa 22/03/1998   616.12 WAN A00099884 08/05/2018   Book
    Bergerak 5, Kulim Pinjaman Dewasa 22/03/1998   616.12 WAN A00099886 08/05/2018   Book
    PD14, Felda Sungai Tiang, Pendang Pinjaman Dewasa 30/03/1998   616.12 WAN A00099888 08/05/2018   Book
    T-PD26, Kg. Lubuk Batu, Jitra Pinjaman Dewasa 13/04/2011   616.12 WAN A00380944 08/05/2018   Book
    T-PD26, Kg. Lubuk Batu, Jitra Pinjaman Dewasa 13/04/2011   616.12 WAN A00380937 08/05/2018   Book